Oscillation, Waves And Optics
| 1. Verfasser: | |
|---|---|
| Format: | Unbekannt |
| Veröffentlicht: |
Samvedena publications, India
2016
|
| Ausgabe: | 4th ed. |
| LEADER | 00253 a2200097 4500 | ||
|---|---|---|---|
| 020 | |a 9788192440521 | ||
| 100 | |a Vishal Deoarshi & Jyoti Ahuja | ||
| 245 | |a Oscillation, Waves And Optics | ||
| 250 | |a 4th ed. | ||
| 260 | |b Samvedena publications, India |c 2016 | ||
| 999 | |c 41630 |d 41630 | ||